| 000 | 00860nam a2200241 i 4500 | ||
|---|---|---|---|
| 001 | 175372 | ||
| 003 | ES-MaACL | ||
| 005 | 20230906215818.0 | ||
| 007 | t| | ||
| 008 | 101025s1973 sp o r ||||1| spa d | ||
| 080 | _a72 Gutiérrez Soto, Luis | ||
| 080 | _a929 Gutiérrez Soto, Luis | ||
| 100 | 1 |
_aBaldellou, Miguel Ángel. _9143729 |
|
| 245 | 1 | 0 |
_aLuis Gutiérrez Soto / _cMiguel Ángel Baldellou. |
| 260 |
_a[Madrid : _bDirección General de Bellas Artes, _c1973] |
||
| 300 |
_a93 p. : _bfot. col. y n. ; _c17 cm. |
||
| 490 | 1 |
_aArtistas españoles contemporáneos. Arquitectos ; _v38 |
|
| 600 | 0 | 4 |
_aGutiérrez Soto, Luis. _961227 |
| 710 | 1 |
_aEspaña. _bDirección General de Bellas Artes. _93704 |
|
| 830 | 0 |
_aArtistas españoles contemporáneos. Arquitectos ; _v38 _9189669 |
|
| 852 |
_aES-MaACL _j2261-F-38 _xOlim P-1916 |
||
| 999 |
_c175372 _d175372 |
||